Central Library OPAC University of Rajshahi

Lectures on the Pakistan penal code : (Record no. 45890)

MARC details
000 -LEADER
fixed length control field 00663nam a22002297a 4500
001 - CONTROL NUMBER
control field 45890
003 - CONTROL NUMBER IDENTIFIER
rucl marc code BD-RjUL
005 - DATE AND TIME OF LATEST TRANSACTION
control field 20211209054100.0
008 - FIXED-LENGTH DATA ELEMENTS--GENERAL INFORMATION
fixed length control field 160728s1970 ben||||| |||| 00| 0 eng d
035 ## - SYSTEM CONTROL NUMBER
System control number (BD-RjUL)46008
040 ## - CATALOGING SOURCE
Original cataloging agency BD-RjUL
Language of cataloging eng
Transcribing agency BD-RjUL
041 ## - LANGUAGE CODE
Language code of text/sound track or separate title eng
082 ## - DEWEY DECIMAL CLASSIFICATION NUMBER
Edition number 23
Classification number 343.095491
Author mark and year KAL 1970
100 ## - MAIN ENTRY--PERSONAL NAME
Personal name Kabir, Lutful
9 (RLIN) 134161
245 10 - TITLE STATEMENT
Title Lectures on the Pakistan penal code :
Remainder of title with leading cases /
Statement of responsibility, etc. Lutful Kabir
250 ## - EDITION STATEMENT
Edition statement 1st edi.
260 ## - PUBLICATION, DISTRIBUTION, ETC. (IMPRINT)
Place of publication, distribution, etc. Dacca :
Name of publisher, distributor, etc. Law house,
Date of publication, distribution, etc. 1970
300 ## - PHYSICAL DESCRIPTION
Pagination xiii, 416 p. :
Illustrations ill. ;
Size 17 cm.
500 ## - GENERAL NOTE
General note includes index
650 ## - SUBJECT ADDED ENTRY--TOPICAL TERM
Topical term or geographic name as entry element Criminal law
General subdivision Pakistan.
9 (RLIN) 140347
942 ## - ADDED ENTRY ELEMENTS (KOHA)
Source of classification or shelving scheme Dewey Decimal Classification
Koha item type Books
Holdings
Lost status Source of classification or shelving scheme Damaged status Not for loan Collection code Permanent Location Current Location Shelving location Date acquired Source of acquisition Cost, normal purchase price Total Checkouts Full call number Date last seen Copy number Koha item type
  Dewey Decimal Classification     Non-fiction Central Library, University of Rajshahi Central Library, University of Rajshahi   21/09/1972 Heffer 45.00   343.095491 KAL 1970 01/08/2016 C-3 Books
  Dewey Decimal Classification     Non-fiction Central Library, University of Rajshahi Central Library, University of Rajshahi   26/08/1972 Law house 15.00   343.095491 KAL 1970 01/08/2016 C-4 Books
  Dewey Decimal Classification     Non-fiction Central Library, University of Rajshahi Central Library, University of Rajshahi   26/08/1972 Law house 15.00   343.095491 KAL 1970 01/08/2016 C-5 Books
  Dewey Decimal Classification     Non-fiction Central Library, University of Rajshahi Central Library, University of Rajshahi   26/08/1972 Law house 15.00   343.095491 KAL 1970 03/08/2016 C-6 Books
  Dewey Decimal Classification     Non-fiction Central Library, University of Rajshahi Central Library, University of Rajshahi   26/08/1972 Law house 15.00   343.095491 KAL 1970 03/08/2016 C-7 Books
  Dewey Decimal Classification     Non-fiction Central Library, University of Rajshahi Central Library, University of Rajshahi   26/08/1972 Law house 15.00   343.095491 KAL 1970 03/08/2016 C-8 Books